[Event "FIN Team Cup"]
[Site "Finland"]
[Date "2012.03.31"]
[Round "2.2"]
[White "Sandvik, Thomas"]
[Black "Kugappi, Tomi"]
[Result "1-0"]
[WhiteElo "2060"]
[BlackElo "1785"]
[PlyCount "57"]
[EventDate "2012.03.31"]
[EventType "team-k.o."]
[EventRounds "6"]
[EventCountry "FIN"]
[SourceTitle "EXT 2022"]
[Source "ChessBase"]
[SourceDate "2021.10.06"]
[SourceVersion "1"]
[SourceVersionDate "2021.10.06"]
[SourceQuality "1"]
[WhiteTeam "Helsinki Garde"]
[BlackTeam "Intellekt"]
[WhiteTeamCountry "FIN"]
[BlackTeamCountry "FIN"]

1. e4 g6 2. d4 Bg7 3. Nc3 d6 4. f4 Nf6 5. Nf3 0-0 6. Bd3 Bg4 7. h3 Bxf3 8. Qxf3 c6 9. e5 dxe5 10. dxe5 Nd5 11. Bd2 e6 12. Ne4 Nd7 13. 0-0-0 Qb6 14. Bc4 Nc5 15. h4 Nxe4 16. Qxe4 h5 17. g4 hxg4 18. Rdg1 Ne7 19. Rxg4 Rfd8 20. Bd3 Qd4 21. Qe2 Qd5 22. Rhg1 Qxa2 23. c3 Qa1+ 24. Kc2 Qa4+ 25. Kb1 c5 26. Be3 b6 27. f5 Qd7 28. Bb5 Qd5 29. f6 1-0

[Event "Helsinki We EtVaS"]
[Site "Helsinki"]
[Date "2012.??.??"]
[Round "1"]
[White "Iivonen, Markku"]
[Black "Sandvik, Thomas"]
[Result "1/2-1/2"]
[WhiteElo "1998"]
[BlackElo "2056"]
[PlyCount "75"]
[EventDate "2012.??.??"]
[EventType "swiss"]
[EventRounds "5"]
[EventCountry "FIN"]
[SourceTitle "EXT 2022"]
[Source "ChessBase"]
[SourceDate "2021.10.06"]
[SourceVersion "1"]
[SourceVersionDate "2021.10.06"]
[SourceQuality "1"]

1. e4 e6 2. d4 d5 3. Nd2 Nf6 4. e5 Nfd7 5. Bd3 c5 6. c3 Nc6 7. Ndf3 cxd4 8. cxd4 f6 9. exf6 Nxf6 10. Ne2 Bd6 11. Bd2 0-0 12. Bc3 Qc7 13. Rc1 Bd7 14. a3 a6 15. h3 Rae8 16. Ne5 Bxe5 17. dxe5 Nxe5 18. Bb4 Qb6 19. Bxf8 Nxd3+ 20. Qxd3 Rxf8 21. Qd4 Qd6 22. 0-0 Bb5 23. Rfe1 e5 24. Qc5 Qxc5 25. Rxc5 Bc6 26. f3 Re8 27. Kf2 Kf7 28. b4 Nd7 29. Rcc1 Nb6 30. Nc3 Nc4 31. Ne4 Ke6 32. Nc5+ Kd6 33. Red1 Nxa3 34. Ne4+ Ke6 35. Nc5+ Kd6 36. Ne4+ Ke6 37. Nc5+ Kd6 38. Ne4+ 1/2-1/2

[Event "Helsinki We EtVaS"]
[Site "Helsinki"]
[Date "2012.??.??"]
[Round "5"]
[White "Laakso, Harri"]
[Black "Sandvik, Thomas"]
[Result "1/2-1/2"]
[WhiteElo "2173"]
[BlackElo "2056"]
[PlyCount "93"]
[EventDate "2012.??.??"]
[EventType "swiss"]
[EventRounds "5"]
[EventCountry "FIN"]
[SourceTitle "EXT 2022"]
[Source "ChessBase"]
[SourceDate "2021.10.06"]
[SourceVersion "1"]
[SourceVersionDate "2021.10.06"]
[SourceQuality "1"]

1. e4 e6 2. d4 d5 3. Nc3 Nf6 4. e5 Nfd7 5. Nce2 c5 6. c3 Nc6 7. f4 cxd4 8. cxd4 Qb6 9. Nf3 f6 10. Nc3 Be7 11. a3 0-0 12. b4 Qc7 13. Bb2 Nb6 14. Rc1 Qd8 15. Bd3 f5 16. 0-0 Bd7 17. Qd2 Be8 18. h3 Kh8 19. g4 Bg6 20. g5 Bh5 21. Ne2 Na4 22. Ba1 Nb6 23. Ng3 Bxf3 24. Rxf3 a5 25. b5 Nb8 26. Be2 N8d7 27. Bb2 Na4 28. Ba1 Ndb6 29. Nf1 Qd7 30. Rb3 Rfc8 31. Rxc8+ Qxc8 32. Bc3 Nxc3 33. Rxc3 Qd7 34. Qc1 Rc8 35. Nd2 a4 36. Kf2 Kg8 37. Nb1 Kf7 38. Rxc8 Qxc8 39. Qxc8 Nxc8 40. h4 Nb6 41. h5 h6 42. g6+ Ke8 43. Ke3 Kd7 44. Bd3 Kc7 45. Kd2 Kd7 46. Be2 Kc7 47. Bd3 1/2-1/2